Miasta w Stanach Zjednoczonych - nagła śmierć - Statystyki

Ogólne statystyki
  • Ten quiz został rozwiązany 149 razy
  • Średni wynik to 27 z 40
Answers on the Grid
Answers color-coded by a green-red scale on the quiz's grid according to % correct below.
Aden
Akita
Albuquerque
Atlanta
Austin
Baltimore
Belmopan
Boise
Boston
Bridgetown
Calgary
Charlotte
Chicago
Chihuahua
Columbus
Dallas
Denver
Detroit
El Paso
Filadelfia
Fort Worth
Greymouth
Guadalajara
Houston
Indianapolis
Jacksonville
Jacmel
Las Vegas
Lincoln
Los Angeles
Louisville
Lucknow
Madison
Medan
Memphis
Miami
Milwaukee
Monterrey
Nashville
Nowy Jork
Nowy Orlean
Oklahoma City
Phoenix
Portland
Sacramento
Saint John's
Salt Lake City
San Antonio
San Diego
San Francisco
San Jose
San Pedro Sula
Santiago
Seattle
Sendai
Surrey
Townsville
Trondheim
Waszyngton
Winnipeg
 
Statystyki odpowiedzi
Odpowiedź % Poprawnych
Phoenix
86%
Nowy Orlean
83%
Atlanta
81%
Detroit
81%
Los Angeles
81%
Waszyngton
81%
Houston
80%
Las Vegas
80%
Miami
80%
Nowy Jork
80%
San Francisco
80%
Filadelfia
78%
Oklahoma City
78%
Boston
77%
Dallas
77%
Denver
77%
Indianapolis
77%
Salt Lake City
77%
San Diego
77%
Seattle
77%
Chicago
75%
Memphis
73%
Portland
70%
Sacramento
69%
Austin
67%
Jacksonville
67%
San Antonio
67%
Nashville
66%
Baltimore
63%
Milwaukee
61%
Charlotte
56%
San Jose
53%
Louisville
48%
Columbus
44%
Fort Worth
39%
Albuquerque
38%
Lincoln
38%
El Paso
36%
Madison
33%
Boise
22%
Nie znaleziono quizów pasujących do podanych kryteriów
Rozkład punktacji
Procent ludzi z każdym wynikiem
Percentyl według liczby udzielonych odpowiedzi
Twoja historia wyników
Nie rozwiązałeś tego quizu